[Event "Aragon-chT Preferente Gr II"]
[Site "Aragon"]
[Date "2022.03.19"]
[Round "8.66"]
[White "Osorio Marin, Luis Alejandro"]
[Black "Vallverdu Miret, Oscar"]
[Result "0-1"]
[WhiteElo "1960"]
[BlackElo "2111"]
[PlyCount "72"]
[EventDate "2022.01.29"]
[EventType "team-tourn"]
[EventRounds "9"]
[EventCountry "ESP"]
[SourceTitle "EXT 2024"]
[Source "ChessBase"]
[SourceDate "2023.10.10"]
[SourceVersion "1"]
[SourceVersionDate "2023.10.10"]
[SourceQuality "1"]
[WhiteTeam "Shatranj"]
[BlackTeam "Fraga"]
[WhiteTeamCountry "ESP"]
[BlackTeamCountry "ESP"]

1. Nf3 d5 2. b3 Nf6 3. Bb2 g6 4. Bxf6 exf6 5. g3 Bg7 6. d4 0-0 7. Bg2 c6 8. 0-0 Na6 9. Nbd2 Re8 10. c4 Be6 11. c5 Qd7 12. a3 Nc7 13. b4 h5 14. Nb1 Bg4 15. Nc3 Bh6 16. Rb1 a6 17. a4 Qe6 18. Re1 Kg7 19. b5 axb5 20. axb5 Ra3 21. Rb3 Rxb3 22. Qxb3 Bxf3 23. Bxf3 Bd2 24. Ra1 Bxc3 25. Qxc3 Nxb5 26. Qb2 Qf5 27. Bg2 h4 28. e3 hxg3 29. hxg3 Rh8 30. Ra5 Qh5 31. Qa1 Nc7 32. Ra7 Ne6 33. Rxb7 Qh2+ 34. Kf1 Qh1+ 35. Bxh1 Rxh1+ 36. Ke2 Rxa1 0-1

[Event "Aragon-chT Preferente Gr II"]
[Site "Aragon"]
[Date "2022.02.12"]
[Round "3.61"]
[White "Osorio Marin, Luis Alejandro"]
[Black "Carrasquer Alonso, Fernando"]
[Result "1-0"]
[WhiteElo "1960"]
[BlackElo "1875"]
[PlyCount "92"]
[EventDate "2022.01.29"]
[EventType "team-tourn"]
[EventRounds "9"]
[EventCountry "ESP"]
[SourceTitle "EXT 2024"]
[Source "ChessBase"]
[SourceDate "2023.10.10"]
[SourceVersion "1"]
[SourceVersionDate "2023.10.10"]
[SourceQuality "1"]
[WhiteTeam "Shatranj"]
[BlackTeam "Jaque Pirenauto II"]
[WhiteTeamCountry "ESP"]
[BlackTeamCountry "ESP"]

1. Nf3 d6 2. d4 Nf6 3. c4 Nbd7 4. Nc3 e5 5. e4 Be7 6. Be2 0-0 7. 0-0 c6 8. Qc2 Qb6 9. d5 cxd5 10. cxd5 Nc5 11. h3 Na6 12. Be3 Qd8 13. Rfc1 Ne8 14. Nb5 f5 15. Nxa7 fxe4 16. Nxc8 exf3 17. Bxf3 Bh4 18. Bg4 Rb8 19. Nb6 Nf6 20. Be6+ Kh8 21. g3 Bg5 22. Bxg5 Qxb6 23. Be3 Qb5 24. a4 Qa5 25. Qc4 Qd8 26. b4 Ne8 27. b5 Nc5 28. Bxc5 dxc5 29. Qxc5 Qf6 30. Ra2 Rd8 31. a5 Nd6 32. a6 bxa6 33. bxa6 Ne4 34. Qe3 Ng5 35. Bg4 e4 36. a7 Ra8 37. h4 Nf3+ 38. Bxf3 exf3 39. Qd3 h6 40. Rc6 Qe7 41. Re6 Qc7 42. d6 Qf7 43. Qc4 Rxa7 44. Rxa7 Qxa7 45. Re7 Qa1+ 46. Kh2 Qf6 1-0

[Event "Aragon-chT Preferente Gr-I"]
[Site "Aragon"]
[Date "2019.02.09"]
[Round "3.35"]
[White "Osorio Marin, Luis Alejandro"]
[Black "Andres Escorihuela, Alejandro"]
[Result "1-0"]
[WhiteElo "1961"]
[BlackElo "1669"]
[PlyCount "37"]
[EventDate "2019.01.26"]
[EventType "team-tourn"]
[EventRounds "9"]
[EventCountry "ESP"]
[SourceTitle "EXT 2020"]
[Source "ChessBase"]
[SourceDate "2019.10.17"]
[SourceVersion "1"]
[SourceVersionDate "2019.10.17"]
[SourceQuality "1"]
[WhiteTeam "Shatranj"]
[BlackTeam "Teruel II"]
[WhiteTeamCountry "ESP"]
[BlackTeamCountry "ESP"]

1. Nf3 Nf6 2. c4 d5 3. g3 dxc4 4. Bg2 c6 5. a4 Bf5 6. Na3 e6 7. Nxc4 Be7 8. 0-0 0-0 9. b3 Nbd7 10. Bb2 Nb6 11. d3 Nxc4 12. bxc4 Qc7 13. a5 Rab8 14. Ra2 b5 15. Ne5 bxc4 16. Nxc6 Rb4 17. Nxe7+ Qxe7 18. Ba3 Qc7 19. Bxb4 1-0

[Event "Aragon-chT Preferente A"]
[Site "Aragon"]
[Date "2014.03.22"]
[Round "9.45"]
[White "Osorio Marin, Luis Alejandro"]
[Black "Soriano Ascaso, Ignacio"]
[Result "1-0"]
[WhiteElo "2007"]
[BlackElo "2134"]
[PlyCount "101"]
[EventDate "2014.01.25"]
[EventType "team-tourn"]
[EventRounds "9"]
[EventCountry "ESP"]
[SourceTitle "EXT 2015"]
[Source "ChessBase"]
[SourceDate "2014.11.20"]
[SourceVersion "1"]
[SourceVersionDate "2014.11.20"]
[SourceQuality "1"]
[WhiteTeam "Shatranj"]
[BlackTeam "Sabinanigo"]
[WhiteTeamCountry "ESP"]
[BlackTeamCountry "ESP"]

1. d4 g6 2. Nf3 Bg7 3. e3 d6 4. c4 Nd7 5. Nc3 c5 6. Be2 Ngf6 7. 0-0 0-0 8. Rb1 e5 9. dxe5 Nxe5 10. Nxe5 dxe5 11. e4 h6 12. Be3 b6 13. Qc2 Be6 14. Rbd1 Qe7 15. Rd2 Rad8 16. Rfd1 Rd4 17. Bxd4 exd4 18. Nd5 Bxd5 19. exd5 Ne4 20. Rd3 Re8 21. Bf1 f5 22. Re1 Be5 23. g3 Qd7 24. Bg2 Nd6 25. f4 Bf6 26. Re6 Kf7 27. Rd1 Rxe6 28. dxe6+ Kxe6 29. Bd5+ Ke7 30. Re1+ Kf8 31. Qe2 Qe7 32. Qxe7+ Bxe7 33. Re6 Ne8 34. Rxg6 Nf6 35. Be6 d3 36. Kf1 h5 37. Ke1 b5 38. b3 Bd8 39. Kd2 Ke7 40. Bxf5 bxc4 41. bxc4 Kf7 42. Bxd3 Ba5+ 43. Ke2 Bc3 44. h3 Bd4 45. g4 hxg4 46. hxg4 a5 47. g5 Ne8 48. Ra6 Ng7 49. f5 Bc3 50. Ra7+ Kf8 51. Kf3 1-0

[Event "Aragon-chT Preferente A"]
[Site "Aragon"]
[Date "2014.02.01"]
[Round "2.41"]
[White "Osorio Marin, Luis Alejandro"]
[Black "Pellicer Cemeli, Jose Luis"]
[Result "0-1"]
[WhiteElo "2007"]
[BlackElo "2075"]
[PlyCount "88"]
[EventDate "2014.01.25"]
[EventType "team-tourn"]
[EventRounds "9"]
[EventCountry "ESP"]
[SourceTitle "EXT 2015"]
[Source "ChessBase"]
[SourceDate "2014.11.20"]
[SourceVersion "1"]
[SourceVersionDate "2014.11.20"]
[SourceQuality "1"]
[WhiteTeam "Shatranj"]
[BlackTeam "La Aurora Estadilla II"]
[WhiteTeamCountry "ESP"]
[BlackTeamCountry "ESP"]

1. Nf3 e6 2. d4 Nf6 3. Bf4 c5 4. c3 b6 5. e3 Bb7 6. Nbd2 Be7 7. h3 Nc6 8. Bd3 h6 9. Qe2 cxd4 10. exd4 d5 11. 0-0 0-0 12. Ne5 Nxe5 13. Bxe5 Nd7 14. Bg3 Nf6 15. f4 Bd6 16. Bh4 Be7 17. f5 Bc8 18. fxe6 Bxe6 19. Bf5 Bxf5 20. Rxf5 Qd7 21. Re5 Rae8 22. Re1 Bd6 23. Rxe8 Rxe8 24. Qf3 Rxe1+ 25. Bxe1 Qe6 26. Bf2 Ne4 27. Nf1 b5 28. Ne3 b4 29. cxb4 Bxb4 30. Qf5 Qc6 31. Qxd5 Qc1+ 32. Nf1 Nxf2 33. Kxf2 Qxb2+ 34. Kg3 Bc3 35. Qd8+ Kh7 36. d5 Bd4 37. Kh2 Be5+ 38. Ng3 Qxa2 39. Qd7 Qf2 40. Qg4 Bxg3+ 41. Qxg3 Qxg3+ 42. Kxg3 Kg8 43. Kf4 Kf8 44. Ke5 Ke7 0-1